[Event "9. LGA Premium Cup 2012"]
[Site "Nürnberg"]
[Date "2012.09.07"]
[Round "4.70"]
[White "Nieke, Karl-Friedrich"]
[Black "Stein, Tobias"]
[Result "0-1"]
[WhiteElo "1528"]
[BlackElo "2036"]
[PlyCount "68"]
[EventDate "2012.??.??"]
[WhiteTeam "SK Lauffen"]
[BlackTeam "SV Alsfeld"]

1. d4 Nf6 2. Nf3 g6 3. e3 Bg7 4. Be2 O-O 5. O-O d6 6. c4 Nbd7 7. Nc3 e5 8. b4
Re8 9. a4 c6 10. Ba3 Qc7 11. Qb3 b6 12. c5 bxc5 13. dxc5 dxc5 14. bxc5 Rb8 15.
Qa2 e4 16. Nd4 Ne5 17. Rab1 Bg4 18. h3 Bxe2 19. Qxe2 Qa5 20. Qc2 Nc4 21. Rxb8
Rxb8 22. Nb1 Nxa3 23. Nxa3 Qc7 24. Nc4 Bf8 25. Nd2 Re8 26. Rb1 Re5 27. Qc4 Rxc5
28. Qa6 Ra5 29. Qb7 Qxb7 30. Rxb7 Rxa4 31. Nxc6 Ra1+ 32. Kh2 a5 33. Nd8 Rd1 34.
Rxf7 Rxd2 0-1

[Event "9. LGA Premium Cup 2012"]
[Site "Nürnberg"]
[Date "2012.09.07"]
[Round "4.71"]
[White "Roß, Thomas"]
[Black "Mehringer, Jörg"]
[Result "1-0"]
[WhiteElo "2035"]
[BlackElo "1851"]
[PlyCount "99"]
[EventDate "2012.??.??"]
[WhiteTeam "SG Büchenbach/Roth e.V."]
[BlackTeam "SC Weisse Dame e.V."]

1. e4 e5 2. Nf3 Nc6 3. Bc4 Nf6 4. d3 Be7 5. O-O d6 6. c3 O-O 7. Bb3 Bg4 8. Nbd2
a5 9. Re1 b5 10. a4 b4 11. h3 Be6 12. d4 Bxb3 13. Qxb3 exd4 14. cxd4 Nd7 15.
Qc4 Ncb8 16. Nb3 c5 17. Bf4 cxd4 18. Nfxd4 Ne5 19. Bxe5 dxe5 20. Nf3 Bf6 21.
Red1 Qb6 22. Rac1 Ra7 23. Rd5 Nd7 24. Qc6 Qxc6 25. Rxc6 Rfa8 26. Rcd6 Nf8 27.
Rc6 Nd7 28. Nfd2 Kf8 29. Nc4 Bd8 30. Kf1 f6 31. Ke2 Ke7 32. Nd6 Kf8 33. Rb5 Ra6
34. Rxa6 Rxa6 35. Nc4 Rc6 36. Nbd2 Ra6 37. f3 Nb6 38. Nxb6 Bxb6 39. Nc4 Bd8 40.
Kd3 Ra7 41. Rd5 Ke7 42. b3 Bc7 43. Ne3 g6 44. Rb5 Bd8 45. Kc4 Rc7+ 46. Rc5 Rb7
47. Nd5+ Kd6 48. Rb5 Ra7 49. Rb8 Ra6 50. Kb5 1-0

[Event "9. LGA Premium Cup 2012"]
[Site "Nürnberg"]
[Date "2012.09.07"]
[Round "4.72"]
[White "Reimold, Jonas"]
[Black "Wettermann, Bernd"]
[Result "1-0"]
[WhiteElo "2046"]
[BlackElo "1741"]
[PlyCount "69"]
[EventDate "2012.??.??"]
[WhiteTeam "SC Eppingen"]
[BlackTeam "FC Konradsreuth"]

1. e4 e5 2. Nf3 Nc6 3. Bc4 Bc5 4. c3 Nf6 5. d3 d6 6. O-O O-O 7. Bg5 h6 8. Bh4
g5 9. Bg3 a6 10. Bb3 Ne7 11. d4 exd4 12. cxd4 Bb4 13. Qc2 c6 14. e5 Ne8 15.
exd6 Nxd6 16. Ne5 Bf5 17. Qe2 Kg7 18. Nf3 Ne4 19. a3 Ba5 20. Nbd2 Bxd2 21. Nxd2
Nxd2 22. Qxd2 Qb6 23. Ba2 Rad8 24. Rfe1 Nd5 25. Re5 Bg6 26. h4 f6 27. Re6 Bf7
28. Re4 Rfe8 29. Rae1 Rxe4 30. Rxe4 Bg6 31. Re2 Nc7 32. Re7+ Kf8 33. Rxc7 Rxd4
34. Qe3 Qxb2 35. Qe7# 1-0

[Event "9. LGA Premium Cup 2012"]
[Site "Nürnberg"]
[Date "2012.09.07"]
[Round "4.73"]
[White "Hirschmann, Jakob"]
[Black "Willim, Michael"]
[Result "1-0"]
[WhiteElo "1897"]
[BlackElo "2107"]
[PlyCount "83"]
[EventDate "2012.??.??"]
[WhiteTeam "SG Reil-Kinheim"]
[BlackTeam "SC Erlangen 48/88 e.V."]

1. e4 e6 2. d3 c5 3. Nc3 Nc6 4. g3 g6 5. Bg2 Bg7 6. Be3 d6 7. Qd2 Rb8 8. Nge2
Nd4 9. Nd1 Ne7 10. Nc1 h6 11. c3 Ndc6 12. Ne2 Qa5 13. d4 cxd4 14. Nxd4 Ne5 15.
b4 Qd8 16. Nb2 a6 17. h3 Qc7 18. O-O Nc4 19. Nxc4 Qxc4 20. Rfd1 O-O 21. Bxh6
Bxh6 22. Qxh6 Qxc3 23. Nf3 d5 24. Rac1 Qg7 25. Qf4 Bd7 26. Qd6 Ba4 27. Qxe7
Bxd1 28. Rxd1 dxe4 29. Nh2 Rfe8 30. Qc7 Rec8 31. Qb6 Qb2 32. Ng4 Rc1 33. Rxc1
Qxc1+ 34. Kh2 Qb2 35. Qc7 Rf8 36. Qxb7 Qxa2 37. Bxe4 f5 38. Nh6+ Kh8 39. Qe7
Qxf2+ 40. Bg2 Rb8 41. Nf7+ Kg8 42. Ng5 1-0

[Event "9. LGA Premium Cup 2012"]
[Site "Nürnberg"]
[Date "2012.09.07"]
[Round "4.74"]
[White "Schäfer, Annabelle"]
[Black "Schubert, Dieter"]
[Result "1/2-1/2"]
[WhiteElo "1904"]
[BlackElo "2094"]
[PlyCount "52"]
[EventDate "2012.??.??"]
[WhiteTeam "Sfr.1891 Friedberg"]
[BlackTeam "SV Puschendorf 1949 e.V."]

1. e4 c5 2. Nf3 d6 3. d4 cxd4 4. Nxd4 Nf6 5. f3 g6 6. c4 Bg7 7. Nc3 O-O 8. Be3
Nc6 9. Qd2 a6 10. Be2 Qa5 11. O-O Nxd4 12. Bxd4 Be6 13. Rfd1 Qc7 14. Rac1 Rac8
15. b3 Nd7 16. Bxg7 Kxg7 17. Qd4+ Kg8 18. f4 Qc5 19. Qxc5 Rxc5 20. g4 f6 21.
Bf3 Rc7 22. Ne2 Rfc8 23. Nd4 Bf7 24. Rb1 Rb8 25. Rbc1 Rbc8 26. Rb1 Rb8 1/2-1/2

[Event "9. LGA Premium Cup 2012"]
[Site "Nürnberg"]
[Date "2012.09.07"]
[Round "4.77"]
[White "Millikan, Erlend"]
[Black "Hörmann, Gunther"]
[Result "0-1"]
[WhiteElo "1731"]
[BlackElo "2080"]
[PlyCount "72"]
[EventDate "2012.??.??"]
[WhiteTeam "USA"]
[BlackTeam "TSV Cadolzburg e.V."]

1. d4 Nf6 2. Nf3 d5 3. e3 g6 4. c4 Bg7 5. Nc3 O-O 6. Bd3 dxc4 7. Bxc4 c5 8. O-O
Nc6 9. dxc5 Qa5 10. Nb5 Ne4 11. Qd5 Bf5 12. Nfd4 Nxd4 13. Nxd4 Qxc5 14. Nxf5
gxf5 15. Qxc5 Nxc5 16. Rb1 Rfd8 17. b4 Ne4 18. Rb3 Rac8 19. Rd3 Nc3 20. Rxd8+
Rxd8 21. Bb2 Rc8 22. Bd3 Nxa2 23. Bxg7 Kxg7 24. Bxf5 Rc4 25. b5 Nc3 26. g3 Nxb5
27. Bd3 Rb4 28. Rc1 Rb3 29. Bc4 Rc3 30. Rxc3 Nxc3 31. Kf1 b5 32. Bb3 a5 33. Ke1
a4 34. Bc2 a3 35. Bb3 a2 36. Bxa2 Nxa2 0-1

[Event "9. LGA Premium Cup 2012"]
[Site "Nürnberg"]
[Date "2012.09.07"]
[Round "4.78"]
[White "Süß, Helmut"]
[Black "Braun, Michael"]
[Result "1/2-1/2"]
[WhiteElo "1995"]
[BlackElo "1855"]
[PlyCount "92"]
[EventDate "2012.??.??"]
[WhiteTeam "SC Noris-Tarrasch Nürnberg 1873"]
[BlackTeam "SG Büchenbach/Roth e.V."]

1. d4 d5 2. c4 e6 3. Nc3 Nf6 4. Bg5 c6 5. e3 Nbd7 6. cxd5 exd5 7. Bd3 Bd6 8.
Nge2 h6 9. Bf4 Nf8 10. Qc2 Bg4 11. h3 Bxe2 12. Nxe2 Qa5+ 13. Qd2 Bb4 14. Nc3
N8d7 15. a3 O-O 16. O-O Bxc3 17. Qxc3 Qxc3 18. bxc3 b5 19. a4 a6 20. f3 Rfe8
21. Kf2 Nb6 22. a5 Nbd7 23. Rfe1 Rac8 24. e4 c5 25. e5 Nh7 26. Bf5 Nhf8 27.
Rec1 cxd4 28. cxd4 Ne6 29. Rxc8 Rxc8 30. Rc1 Rxc1 31. Bxc1 Nb8 32. Bxe6 fxe6
33. Ke3 Nc6 34. Bd2 Kf7 35. Kd3 Kg6 36. g3 b4 37. f4 h5 38. g4 hxg4 39. hxg4
Kf7 40. f5 Ke7 41. Bg5+ Kf7 42. Bd2 Ke8 43. f6 gxf6 44. exf6 Kf7 45. g5 Kg6 46.
Be1 Kf7 1/2-1/2

[Event "9. LGA Premium Cup 2012"]
[Site "Nürnberg"]
[Date "2012.09.07"]
[Round "4.80"]
[White "Renner, Gabriele"]
[Black "Schweisgut, Jens"]
[Result "1-0"]
[WhiteElo "1946"]
[BlackElo "1762"]
[PlyCount "45"]
[EventDate "2012.??.??"]
[WhiteTeam "FC Bayern München e.V."]
[BlackTeam "SV Alsfeld"]

1. e4 d5 2. exd5 Nf6 3. Nf3 Nxd5 4. d4 Bg4 5. Be2 e6 6. O-O Be7 7. Re1 O-O 8.
c4 Nb6 9. Qb3 c5 10. dxc5 Bxc5 11. Bg5 Qc7 12. Nc3 a6 13. Ne4 N8d7 14. Rad1 Bf5
15. Nxc5 Nxc5 16. Qe3 f6 17. Bh4 Rac8 18. Nd4 Rfe8 19. Bg3 Qf7 20. b4 Ncd7 21.
Qb3 Ne5 22. c5 Nbd7 23. f4 1-0

[Event "9. LGA Premium Cup 2012"]
[Site "Nürnberg"]
[Date "2012.09.07"]
[Round "4.81"]
[White "Diener, Carolin Valeria"]
[Black "Schlötterer, Hermann"]
[Result "0-1"]
[WhiteElo "1710"]
[BlackElo "1933"]
[PlyCount "62"]
[EventDate "2012.??.??"]
[WhiteTeam "Sfr.1891 Friedberg"]
[BlackTeam "Spvg Zabo-Eintracht Nürnberg e.V"]

1. e4 c5 2. Nf3 Nc6 3. Bb5 e6 4. Bxc6 bxc6 5. Nc3 Ba6 6. d3 d6 7. O-O Ne7 8.
Ne1 d5 9. f4 d4 10. Na4 Ng8 11. b3 Be7 12. Qg4 Nf6 13. Qxg7 Rg8 14. Qh6 Qa5 15.
e5 Ng4 16. Qxh7 Kd7 17. Qe4 f5 18. exf6 Nxf6 19. Qe2 c4 20. Qf2 c5 21. Nf3 Bb7
22. dxc4 Raf8 23. Bd2 Qc7 24. Qe1 Bd6 25. Qe2 Rg4 26. Ne1 Rfg8 27. Rf2 Ne4 28.
h3 Rg3 29. Qf1 Rxh3 30. Re2 Ng3 31. Qf2 Rh1# 0-1

[Event "9. LGA Premium Cup 2012"]
[Site "Nürnberg"]
[Date "2012.09.07"]
[Round "4.82"]
[White "Zahn, Alina"]
[Black "Siegl, Adrian"]
[Result "1-0"]
[WhiteElo "1884"]
[BlackElo "1697"]
[PlyCount "67"]
[EventDate "2012.??.??"]
[WhiteTeam "SV Empor Erfurt"]
[BlackTeam "SW Nürnberg Süd e.V."]

1. e4 c5 2. Nf3 Nc6 3. d4 cxd4 4. Nxd4 Nf6 5. Nc3 e5 6. Ndb5 d6 7. Bg5 a6 8.
Na3 b5 9. Nd5 Be7 10. Bxf6 Bxf6 11. c4 b4 12. Nc2 a5 13. g3 Bg5 14. h4 Bh6 15.
Bh3 Ne7 16. Nce3 Nxd5 17. Qxd5 Bxh3 18. Rxh3 Bxe3 19. fxe3 O-O 20. O-O-O Qb6
21. g4 Rac8 22. b3 Rfd8 23. Rf3 Rd7 24. Rdf1 Qa7 25. Kb2 Rc5 26. Qe6 Kf8 27.
Qf5 Kg8 28. Qe6 Kf8 29. h5 h6 30. g5 Re7 31. Qxd6 Qc7 32. Rxf7+ Kg8 33. Rf8+
Kh7 34. g6# 1-0

[Event "9. LGA Premium Cup 2012"]
[Site "Nürnberg"]
[Date "2012.09.07"]
[Round "4.83"]
[White "Martin Fernandez, Rodrigo"]
[Black "Siegl, Melina"]
[Result "1-0"]
[WhiteElo "2156"]
[BlackElo "1788"]
[PlyCount "81"]
[EventDate "2012.??.??"]
[WhiteTeam "SC Erlangen 48/88 e.V."]
[BlackTeam "SW Nürnberg Süd e.V."]

1. d4 f5 2. c4 g6 3. Nf3 Bg7 4. g3 d6 5. Bg2 Nf6 6. O-O O-O 7. Nc3 c6 8. Rb1
Qe8 9. d5 Na6 10. b4 Nc7 11. Qb3 h6 12. Rd1 cxd5 13. cxd5 e5 14. dxe6 Bxe6 15.
Qc2 Rc8 16. Qd2 d5 17. Nd4 Bf7 18. b5 Qe7 19. Na4 Ne4 20. Qe3 Qd7 21. Ba3 Rfe8
22. Qb3 Ne6 23. e3 Rc4 24. Nxe6 Qxe6 25. Bf1 Rc3 26. Nxc3 Nxc3 27. Rbc1 Nxd1
28. Rxd1 b6 29. Bg2 Rd8 30. Bb2 d4 31. Qxe6 Bxe6 32. a4 Bb3 33. Rd2 Bxa4 34.
Bf1 Kh7 35. exd4 Kg8 36. Bc4+ Kf8 37. Ba3+ Ke8 38. Re2+ Kd7 39. Re7+ Kc8 40.
Rxg7 Rxd4 41. Be6+ 1-0

[Event "9. LGA Premium Cup 2012"]
[Site "Nürnberg"]
[Date "2012.09.07"]
[Round "4.85"]
[White "Süß, Stefan"]
[Black "Babichev, Vyacheslav"]
[Result "1-0"]
[WhiteElo "1971"]
[BlackElo "1775"]
[PlyCount "61"]
[EventDate "2012.??.??"]
[WhiteTeam "SC Noris-Tarrasch Nürnberg 1873"]
[BlackTeam "SW Nürnberg Süd e.V."]

1. e4 d6 2. d4 Nf6 3. Nc3 g6 4. Be2 Bg7 5. g4 b6 6. g5 Nfd7 7. f4 Bb7 8. Nf3
Qc8 9. Be3 c5 10. d5 Bxc3+ 11. bxc3 Ba6 12. c4 Qc7 13. Qd2 Bc8 14. Qc3 Rg8 15.
h4 Nf8 16. h5 Bg4 17. hxg6 fxg6 18. Nh2 Bxe2 19. Kxe2 Nbd7 20. Ng4 e5 21. f5
Nb8 22. Nf6+ Kf7 23. Nxg8 Kxg8 24. Raf1 Qd7 25. Bd2 a6 26. Qf3 Ra7 27. Rh6 Qa4
28. fxg6 Qe8 29. Qxf8+ Qxf8 30. Rxf8+ Kxf8 31. gxh7 1-0

[Event "9. LGA Premium Cup 2012"]
[Site "Nürnberg"]
[Date "2012.09.07"]
[Round "4.86"]
[White "Heinz, Friedrich"]
[Black "Thürauf, Peter"]
[Result "1/2-1/2"]
[WhiteElo "1838"]
[BlackElo "1876"]
[PlyCount "31"]
[EventDate "2012.??.??"]
[WhiteTeam "SV Alsfeld"]
[BlackTeam "SW Nürnberg Süd e.V."]

1. e4 c5 2. Nf3 e6 3. d4 cxd4 4. Nxd4 Nf6 5. Bd3 Nc6 6. Nb3 d6 7. Nc3 Be7 8.
Be3 O-O 9. h4 Ne5 10. Be2 d5 11. exd5 exd5 12. h5 Be6 13. Qd4 Nc6 14. Qd2 Ne4
15. Nxe4 dxe4 16. O-O-O 1/2-1/2

[Event "9. LGA Premium Cup 2012"]
[Site "Nürnberg"]
[Date "2012.09.07"]
[Round "4.87"]
[White "Weißbeck, Wolf-Dieter"]
[Black "Reichel, Günther"]
[Result "0-1"]
[WhiteElo "1874"]
[BlackElo "1730"]
[PlyCount "102"]
[EventDate "2012.??.??"]
[WhiteTeam "SV Alsfeld"]
[BlackTeam "SC-SF 1957 Stockstadt"]

1. Nf3 c5 2. g3 g6 3. Bg2 Bg7 4. c4 Nf6 5. Nc3 O-O 6. O-O d6 7. d3 Nc6 8. a3
Bd7 9. e4 Qc8 10. Re1 Bg4 11. Ne2 Nh5 12. Rb1 Rb8 13. Be3 b5 14. Qd2 bxc4 15.
dxc4 Rd8 16. Ng5 Ne5 17. b3 h6 18. f3 Bd7 19. f4 Ng4 20. Nf3 Nhf6 21. Qd3 Nxe3
22. Qxe3 Bc6 23. Nc3 e6 24. Qd3 Rb6 25. Nb5 Qb8 26. Nd2 Bxb5 27. cxb5 Rxb5 28.
Bf3 d5 29. e5 Nd7 30. Bd1 Qb6 31. Kg2 Rb8 32. Bc2 Bf8 33. a4 Rb4 34. Nf3 Qb7
35. Nh4 Rd4 36. Qf3 Rd2+ 37. Re2 Qb4 38. Qf2 Rxe2 39. Qxe2 Qc3 40. Nf3 Be7 41.
Qd3 Qb4 42. h4 h5 43. Rf1 Rc8 44. Ng5 Nf8 45. Qa6 c4 46. Qxc8 cxb3 47. Bxg6
fxg6 48. Nxe6 Qe4+ 49. Kf2 b2 50. Nxf8 Bxf8 51. Qb7 Bc5# 0-1

[Event "9. LGA Premium Cup 2012"]
[Site "Nürnberg"]
[Date "2012.09.08"]
[Round "5.1"]
[White "Renner, Christoph"]
[Black "Romanov, Evgeny"]
[Result "0-1"]
[WhiteElo "2452"]
[BlackElo "2590"]
[PlyCount "57"]
[EventDate "2012.??.??"]
[WhiteTeam "FC Bayern München e.V."]
[BlackTeam "Sportfreunde Katernberg 1913 e.V"]
[TimeControl "5400+1165"]

1. d4 d5 2. Bf4 c5 3. e3 Nc6 4. c3 Nf6 5. Nd2 g6 6. Ngf3 Bg7 7. Bd3 O-O 8. O-O
Nd7 9. Re1 e5 10. dxe5 Ndxe5 11. Bc2 Be6 12. Nxe5 Nxe5 13. Nb3 Nc4 14. Rb1 Qb6
15. e4 d4 16. cxd4 cxd4 17. Bd3 Rac8 18. h4 a5 19. Qe2 h5 20. Rec1 a4 21. Bxc4
Bxc4 22. Rxc4 axb3 23. axb3 Qxb3 24. Rxc8 Rxc8 25. Qd1 Rc2 26. g4 hxg4 27. Qxg4
Rxb2 28. Rxb2 Qxb2 29. Kh2 0-1

[Event "9. LGA Premium Cup 2012"]
[Site "Nürnberg"]
[Date "2012.09.08"]
[Round "5.2"]
[White "Nyzhnyk, Illya"]
[Black "Wagner, Dennis"]
[Result "1/2-1/2"]
[WhiteElo "2614"]
[BlackElo "2445"]
[PlyCount "53"]
[EventDate "2012.??.??"]
[WhiteTeam "Schachgemeinschaft Porz e.V."]
[BlackTeam "SV Hockenheim"]
[TimeControl "6000+1610"]

1. d4 Nf6 2. c4 g6 3. Nf3 Bg7 4. g3 O-O 5. Bg2 d5 6. cxd5 Nxd5 7. O-O Nb6 8.
Nc3 Nc6 9. e3 Re8 10. Re1 Bd7 11. b3 e5 12. Nxe5 Nxe5 13. dxe5 Bxe5 14. Bb2 c6
15. f4 Bg7 16. e4 Nc4 17. bxc4 Qb6+ 18. Kh1 Qxb2 19. Rb1 Qxc3 20. Qxd7 Rab8 21.
e5 Red8 22. Qc7 Bf8 23. Rf1 Rdc8 24. Qd7 Rd8 25. Qc7 Rdc8 26. Qd7 Rd8 27. Qc7
1/2-1/2

[Event "9. LGA Premium Cup 2012"]
[Site "Nürnberg"]
[Date "2012.09.08"]
[Round "5.3"]
[White "Baramidze, David"]
[Black "Gutman, Lev"]
[Result "1-0"]
[WhiteElo "2606"]
[BlackElo "2477"]
[PlyCount "177"]
[EventDate "2012.??.??"]
[WhiteTeam "SV Hockenheim"]
[BlackTeam "SV Lingen"]
[TimeControl "6000+1295"]

1. d4 Nf6 2. c4 g6 3. Nc3 d5 4. cxd5 Nxd5 5. e4 Nxc3 6. bxc3 Bg7 7. Bc4 O-O 8.
Ne2 c5 9. O-O Nc6 10. Be3 Qc7 11. Rc1 b6 12. Qd2 Bb7 13. Bh6 Rad8 14. Bxg7 Kxg7
15. f4 Qd6 16. Rfd1 Na5 17. Bd3 e6 18. Qe3 f5 19. Rb1 fxe4 20. Bxe4 Nc4 21. Qf3
Bxe4 22. Qxe4 Qd5 23. Qd3 e5 24. fxe5 Nxe5 25. Qg3 Nc4 26. Re1 Qd6 27. dxc5
Qxg3 28. hxg3 Rf7 29. Rb4 Na5 30. Nd4 Rc8 31. cxb6 axb6 32. Ne6+ Kg8 33. Rxb6
Re7 34. Rf1 Rce8 35. Nf4 Nc4 36. Rb5 Ra7 37. a4 Nd6 38. Rb4 Re3 39. Rb8+ Kg7
40. Rb6 Nf5 41. g4 Ng3 42. Rf3 Ne2+ 43. Nxe2 Rxe2 44. Rb4 Ra2 45. Rff4 Rd7 46.
g5 h6 47. gxh6+ Kxh6 48. Rh4+ Kg5 49. Rhg4+ Kh5 50. Kh2 Rd1 51. Rg3 Raa1 52.
Re3 Kh6 53. Rc4 Rd5 54. Ree4 Ra2 55. Rh4+ Kg7 56. Rhd4 Rh5+ 57. Kg3 Re5 58.
Rc7+ Kf6 59. Rc6+ Kg7 60. Rg4 Kf7 61. Rgxg6 Rxa4 62. Rcf6+ Ke7 63. Rf3 Ra2 64.
Rg7+ Ke6 65. Rg6+ Ke7 66. Rg7+ Ke6 67. Kh4 Rc2 68. Rg6+ Ke7 69. Rg7+ Ke6 70.
Rg6+ Ke7 71. Rgg3 Rc5 72. Kg4 Ra2 73. Re3+ Kd6 74. Rd3+ Kc6 75. Kh4 Ra8 76.
Rg6+ Kb5 77. g4 Rh8+ 78. Kg3 Rh1 79. Rf6 Rg1+ 80. Kh4 Rc8 81. Rf5+ Kc4 82. Rg3
Rh1+ 83. Kg5 Rg8+ 84. Kf6 Rh6+ 85. Ke5 Rgg6 86. g5 Rh5 87. Rf4+ Kc5 88. Kf5 Rg8
89. Kf6 1-0

[Event "9. LGA Premium Cup 2012"]
[Site "Nürnberg"]
[Date "2012.09.08"]
[Round "5.4"]
[White "Hoffmann, Michael"]
[Black "Epishin, Vladimir"]
[Result "0-1"]
[WhiteElo "2479"]
[BlackElo "2579"]
[PlyCount "126"]
[EventDate "2012.??.??"]
[WhiteTeam "Schachgesellschaft Solingen e.V."]
[BlackTeam "Lübecker SV von 1873"]
[TimeControl "6000+675"]

1. d4 Nf6 2. c4 e6 3. Nc3 Bb4 4. e3 d5 5. Bd3 O-O 6. Nf3 Nbd7 7. O-O c6 8. Bd2
Qe7 9. Qc2 Bd6 10. cxd5 exd5 11. Rfe1 Qd8 12. e4 dxe4 13. Nxe4 Nxe4 14. Bxe4
Nf6 15. Bg5 h6 16. Bh4 Be7 17. Bh7+ Kh8 18. Bf5 Bxf5 19. Qxf5 Nd5 20. Bxe7 Nxe7
21. Qc2 Nd5 22. Re4 Re8 23. Rxe8+ Qxe8 24. Re1 Qd8 25. g3 Kg8 26. a3 Qc7 27.
Re5 Rd8 28. Qe2 Qc8 29. Kg2 Nc7 30. Re7 Rd7 31. Rxd7 Qxd7 32. Qe5 a6 33. h3 f6
34. Qf4 Kf8 35. Qe4 Ne6 36. h4 h5 37. Kf1 Qd5 38. Qe3 Ke7 39. Kg1 Kd7 40. Qc3
Kc8 41. Qe3 g5 42. hxg5 fxg5 43. Nd2 g4 44. Nb3 b6 45. Qd3 Kd8 46. Qe3 a5 47.
a4 Ke7 48. Qd3 Kd6 49. Qe3 Kc7 50. Kh2 Kd6 51. Kg1 Qf3 52. Nd2 Qxe3 53. fxe3
Kd5 54. b3 b5 55. Kf2 Ng5 56. Ke2 Ne4 57. Nf1 bxa4 58. bxa4 c5 59. dxc5 Nxc5
60. Nd2 Nxa4 61. Nb3 Nc3+ 62. Kd3 a4 63. Nd2 Nb5 0-1

[Event "9. LGA Premium Cup 2012"]
[Site "Nürnberg"]
[Date "2012.09.08"]
[Round "5.5"]
[White "Danin, Alexandre"]
[Black "Graf, Felix"]
[Result "1-0"]
[WhiteElo "2568"]
[BlackElo "2449"]
[PlyCount "71"]
[EventDate "2012.??.??"]
[WhiteTeam "Schachclub Tornado Wuppertal 199"]
[BlackTeam "FC Bayern München e.V."]
[TimeControl "6000+1500"]

1. e4 e6 2. d4 d5 3. Nc3 Nf6 4. e5 Nfd7 5. f4 c5 6. Nf3 Nc6 7. Be3 Be7 8. Qd2
O-O 9. Be2 b6 10. Nd1 f5 11. c3 a5 12. O-O a4 13. Bf2 cxd4 14. cxd4 a3 15. b3
Ndb8 16. Rc1 Ba6 17. Bxa6 Rxa6 18. Nc3 Qd7 19. Na4 Rc8 20. Rc2 Nb4 21. Rxc8+
Qxc8 22. Rc1 N4c6 23. Ne1 Qb7 24. Nd3 Ra7 25. h3 Qa6 26. g4 Rc7 27. gxf5 exf5
28. Qe3 Rc8 29. Kg2 Kh8 30. Nc3 Rd8 31. Kh2 Nb4 32. Nxb4 Bxb4 33. Na4 b5 34.
Nc5 Qb6 35. Bh4 Re8 36. Qf3 1-0

[Event "9. LGA Premium Cup 2012"]
[Site "Nürnberg"]
[Date "2012.09.08"]
[Round "5.6"]
[White "Zude, Arno"]
[Black "Ikonnikov, Vyacheslav"]
[Result "1/2-1/2"]
[WhiteElo "2446"]
[BlackElo "2525"]
[PlyCount "99"]
[EventDate "2012.??.??"]
[WhiteTeam "SV 1920 Hofheim"]
[BlackTeam "SF Bad Mergentheim"]
[TimeControl "6000+1030"]

1. e4 c5 2. Nf3 Nc6 3. d4 cxd4 4. Nxd4 e5 5. Nb5 d6 6. N1c3 a6 7. Na3 Be7 8.
Nc4 b5 9. Ne3 Nf6 10. g3 O-O 11. Bg2 b4 12. Ncd5 Nxd5 13. Nxd5 Bg5 14. O-O Bxc1
15. Qxc1 a5 16. Qd2 Nd4 17. c3 bxc3 18. bxc3 Ne6 19. Rab1 Nc5 20. Rfd1 Be6 21.
c4 Bxd5 22. Qxd5 Ra6 23. f4 Qc7 24. fxe5 dxe5 25. Rb5 Rc6 26. Bh3 a4 27. Bd7
Nxd7 28. Qxd7 Qxd7 29. Rxd7 Rxc4 30. Rxe5 Rc2 31. Rf5 Rxa2 32. Ra7 g6 33. Rf2
Ra1+ 34. Kg2 a3 35. Rf1 Rxf1 36. Kxf1 Re8 37. Rxa3 Rxe4 38. h4 Kg7 39. Kf2 Kf6
40. Kf3 Re6 41. Ra5 Rb6 42. Kf4 h6 43. Kf3 Rb3+ 44. Kf4 g5+ 45. hxg5+ hxg5+ 46.
Kg4 Rb4+ 47. Kh5 g4 48. Rg5 Rc4 49. Rxg4 Rxg4 50. Kxg4 1/2-1/2

[Event "9. LGA Premium Cup 2012"]
[Site "Nürnberg"]
[Date "2012.09.08"]
[Round "5.7"]
[White "Donchenko, Alexander"]
[Black "Burg, Twan"]
[Result "1/2-1/2"]
[WhiteElo "2395"]
[BlackElo "2485"]
[PlyCount "44"]
[EventDate "2012.??.??"]
[WhiteTeam "SK 1858 Gießen"]
[BlackTeam "Schachklub Turm Emsdetten e.V."]
[TimeControl "6000+175"]

1. d4 d5 2. c4 c6 3. Nf3 Nf6 4. e3 Bg4 5. Qb3 Qb6 6. Nc3 e6 7. Nh4 Bh5 8. h3
Be7 9. g4 Bg6 10. Nxg6 hxg6 11. Bg2 g5 12. Bd2 Nbd7 13. O-O-O Qxb3 14. axb3 Nb6
15. c5 Nbd7 16. b4 a6 17. f4 gxf4 18. exf4 Nf8 19. Rde1 Ng6 20. Rhf1 Nh4 21.
Bh1 Ng6 22. Bg2 Nh4 1/2-1/2

[Event "9. LGA Premium Cup 2012"]
[Site "Nürnberg"]
[Date "2012.09.08"]
[Round "5.8"]
[White "Hector, Jonny"]
[Black "Zelbel, Patrick"]
[Result "1/2-1/2"]
[WhiteElo "2537"]
[BlackElo "2368"]
[PlyCount "138"]
[EventDate "2012.??.??"]
[WhiteTeam "Schachklub Turm Emsdetten e.V."]
[BlackTeam "Schachclub Hansa Dortmund e.V."]
[TimeControl "6000+815"]

1. e4 c5 2. Nf3 d6 3. d4 cxd4 4. Nxd4 Nf6 5. Nc3 g6 6. Be3 Bg7 7. f3 Nc6 8. Bc4
O-O 9. Qe2 Na5 10. Bd3 a6 11. O-O Bd7 12. Rad1 Rc8 13. Qf2 Nc4 14. Bc1 b5 15.
Rfe1 Qb6 16. Bf1 e6 17. h3 b4 18. Nb1 a5 19. b3 Ne5 20. Be3 Qb7 21. Qh4 Ne8 22.
a4 d5 23. exd5 exd5 24. Bh6 Nc6 25. Nb5 Na7 26. Nxa7 Qxa7+ 27. Be3 Qb7 28. Qf2
Nd6 29. Bc5 Qc6 30. Bd4 Bxd4 31. Qxd4 Be6 32. Bd3 Nf5 33. Qf2 Qc5 34. Rd2 Rc7
35. g4 Qxf2+ 36. Kxf2 Nd6 37. Rde2 Rfc8 38. Nd2 Kg7 39. Nf1 d4 40. Rd2 Rc3 41.
Ng3 Nb7 42. Ne2 Rxd3 43. Rxd3 Rxc2 44. Rc1 Rxc1 45. Nxc1 Nc5 46. Rxd4 Nxb3 47.
Rd1 Nc5 48. Ne2 Bb3 49. Rg1 Bxa4 50. Ke3 Bb3 51. Rc1 Ne6 52. Nd4 Nxd4 53. Kxd4
a4 54. Kc5 a3 55. Kxb4 Bd5 56. Kxa3 Bxf3 57. Rc3 Be2 58. Kb2 Kf6 59. Re3 Bc4
60. Kc3 Be6 61. Kd2 Kg5 62. Ke2 h5 63. gxh5 Kxh5 64. Kf2 Kh4 65. Kg2 g5 66.
Re4+ g4 67. Kh2 Kg5 68. hxg4 Bxg4 69. Kg3 Be6 1/2-1/2

[Event "9. LGA Premium Cup 2012"]
[Site "Nürnberg"]
[Date "2012.09.08"]
[Round "5.9"]
[White "Milov, Leonid"]
[Black "Breutigam, Martin"]
[Result "1/2-1/2"]
[WhiteElo "2520"]
[BlackElo "2374"]
[PlyCount "49"]
[EventDate "2012.??.??"]
[WhiteTeam "SC Noris-Tarrasch Nürnberg 1873"]
[BlackTeam "SK Union Oldenburg"]

1. e4 e5 2. Nf3 Nc6 3. Bb5 a6 4. Ba4 Nf6 5. O-O Be7 6. Re1 b5 7. Bb3 d6 8. c3
O-O 9. d4 Bg4 10. d5 Na5 11. Bc2 c6 12. h3 Bc8 13. dxc6 Qc7 14. Nbd2 Qxc6 15.
Nf1 Re8 16. a4 Bb7 17. Ng3 Nc4 18. Bd3 Bf8 19. Qc2 h6 20. b3 Nb6 21. axb5 axb5
22. Rxa8 Rxa8 23. Bb2 Bc8 24. Qe2 Bd7 25. Ra1 1/2-1/2

[Event "9. LGA Premium Cup 2012"]
[Site "Nürnberg"]
[Date "2012.09.08"]
[Round "5.10"]
[White "Szabo, Bence"]
[Black "Ginsburg, Gennadi"]
[Result "1/2-1/2"]
[WhiteElo "2348"]
[BlackElo "2516"]
[PlyCount "53"]
[EventDate "2012.??.??"]
[WhiteTeam "HUN"]
[BlackTeam "SV 1920 Hofheim"]

1. d4 d5 2. c4 e6 3. Nc3 c5 4. cxd5 exd5 5. Nf3 Nc6 6. g3 Nf6 7. Bg2 Be7 8. O-O
O-O 9. dxc5 Bxc5 10. Na4 Bd6 11. Be3 Re8 12. Rc1 Bg4 13. Nc5 Qe7 14. Nb3 Rac8
15. Nbd4 Qd7 16. Qa4 Bb8 17. Rfd1 h6 18. Nxc6 bxc6 19. b4 Qb7 20. a3 Bd7 21.
Qc2 a5 22. Rb1 Qa6 23. Qd3 Qxd3 24. exd3 axb4 25. axb4 Ng4 26. Bc5 Ne5 27. Nxe5
1/2-1/2

[Event "9. LGA Premium Cup 2012"]
[Site "Nürnberg"]
[Date "2012.09.08"]
[Round "5.11"]
[White "Grimberg, Boris"]
[Black "Heimann, Andreas"]
[Result "0-1"]
[WhiteElo "2365"]
[BlackElo "2490"]
[PlyCount "40"]
[EventDate "2012.??.??"]
[WhiteTeam "SAbt TSV Haunstetten"]
[BlackTeam "OSG Baden-Baden"]

1. e4 e5 2. Nc3 Nf6 3. Bc4 Bb4 4. d3 c6 5. a3 Bxc3+ 6. bxc3 d5 7. exd5 cxd5 8.
Ba2 O-O 9. Ne2 h6 10. O-O Nc6 11. Rb1 Re8 12. Ng3 b6 13. h3 Be6 14. Nh5 d4 15.
Bxe6 Rxe6 16. c4 e4 17. dxe4 Nxh5 18. Qxh5 Rxe4 19. c5 Re5 20. Qg4 h5 0-1